| 000 | 00738nam a2200217 a 4500 | ||
|---|---|---|---|
| 005 | 20230603063539.0 | ||
| 008 | 991125s1975 bue 000 0 spa u | ||
| 035 | _aUPN01000015424 | ||
| 049 | _aCG | ||
| 050 | 4 |
_aLB1589 A7 _bE8.3 |
|
| 100 | 1 | _aEscalona, Francisco de | |
| 245 | 1 | 0 |
_aDidáctica de la matemática en la escuela primaria / _cFrancisco de Escalona, Manuel Noriega. |
| 260 |
_aBuenos Aires : _bKapelusz, _c1975. |
||
| 300 |
_a3 v. : _bil. |
||
| 440 | 0 |
_aColección de pedagogía práctica ; _v47-49 |
|
| 500 | _aLa biblioteca tiene los v.2 y 3 | ||
| 650 | 4 |
_aEducación primaria _zArgentina _96231 |
|
| 650 | 4 |
_aMatemáticas _xEstudio y enseñanza (Elemental) _92809 |
|
| 700 | 1 |
_aNoriega, Manuel, _ecoaut. |
|
| 905 | _aLibro | ||
| 999 |
_c15424 _d15424 |
||